Boundaries in marriage. (Record no. 16212)

000 -LEADER
fixed length control field 00547nam a2200181 a 4500
001 - CONTROL NUMBER
control field :::00019018$&:&@@
003 - CONTROL NUMBER IDENTIFIER
control field OkBaRHE
005 - DATE AND TIME OF LATEST TRANSACTION
control field 20010129150841.0
008 - FIXED-LENGTH DATA ELEMENTS--GENERAL INFORMATION
fixed length control field s1999 j 000 0 eng u
040 ## - CATALOGING SOURCE
Transcribing agency
100 1# - MAIN ENTRY--PERSONAL NAME
Personal name Cloud, Henry
245 10 - TITLE STATEMENT
Title Boundaries in marriage.
260 ## - PUBLICATION, DISTRIBUTION, ETC. (IMPRINT)
Place of publication, distribution, etc Grand Rapids, Michigan
Name of publisher, distributor, etc Zondervan Publishing House
Date of publication, distribution, etc 1999
300 ## - PHYSICAL DESCRIPTION
Extent 255 p.
700 ## - ADDED ENTRY--PERSONAL NAME
Personal name Henry Cloud and John Townsend
942 ## - ADDED ENTRY ELEMENTS (KOHA)
Source of classification or shelving scheme
Koha item type Books
Copies
Permanent Location Shelving location Lost status Copy number Full call number Withdrawn status Koha item type Date acquired Price effective from Date last seen Source of classification or shelving scheme Damaged status Not for loan Barcode
RHEMA Bible Training CollegeGeneral Stacks 1HQ 734 .C5926 Books2010-04-142010-04-142010-04-14   19018